100k+ U.S. Cities in 2023 - Statistics

General Stats
  • This quiz has been taken 71 times
    40 since last reset
  • The average score is 185 of 330
Answer Stats
State Pop. Answer % Correct
NY 8,335,897 New York
94%
CA 808,437 San Francisco
94%
GA 499,127 Atlanta
89%
NC 897,720 Charlotte
89%
IL 2,665,039 Chicago
89%
TX 1,299,544 Dallas
89%
TX 2,302,878 Houston
89%
CA 3,822,238 Los Angeles
89%
TN 621,055 Memphis
89%
FL 449,514 Miami
89%
WI 563,305 Milwaukee
89%
FL 316,081 Orlando
89%
AZ 1,644,409 Phoenix
89%
CA 528,001 Sacramento
89%
CA 1,381,162 San Diego
89%
CA 971,233 San Jose
89%
WA 749,256 Seattle
89%
TX 974,447 Austin
83%
MA 650,706 Boston
83%
CO 713,252 Denver
83%
MI 620,376 Detroit
83%
TX 677,456 El Paso
83%
CA 545,567 Fresno
83%
MS 145,995 Jackson
83%
FL 971,319 Jacksonville
83%
NV 656,274 Las Vegas
83%
MN 425,096 Minneapolis
83%
TN 683,622 Nashville
83%
LA 369,749 New Orleans
83%
OK 694,800 Oklahoma City
83%
PA 1,567,258 Philadelphia
83%
OR 635,067 Portland
83%
TX 1,472,909 San Antonio
83%
FL 398,173 Tampa
83%
AZ 546,574 Tucson
83%
DC 671,803 Washington
83%
MD 569,931 Baltimore
78%
LA 221,453 Baton Rouge
78%
ID 236,634 Boise
78%
OH 309,513 Cincinnati
78%
OH 907,971 Columbus
78%
GA 202,616 Columbus
78%
IA 211,034 Des Moines
78%
IN 880,621 Indianapolis
78%
MO 509,297 Kansas City
78%
KS 153,345 Kansas City
78%
CA 430,553 Oakland
78%
MO 286,578 St. Louis
78%
WA 221,776 Tacoma
78%
KS 125,449 Topeka
78%
NM 561,008 Albuquerque
72%
TX 394,602 Arlington
72%
GA 202,096 Augusta
72%
CA 410,647 Bakersfield
72%
NY 276,486 Buffalo
72%
SC 153,672 Charleston
72%
OH 361,607 Cleveland
72%
CO 486,248 Colorado Springs
72%
TX 956,709 Fort Worth
72%
MI 196,908 Grand Rapids
72%
HI 343,421 Honolulu
72%
NJ 286,670 Jersey City
72%
AR 202,864 Little Rock
72%
KY 624,444 Louisville
72%
NJ 305,344 Newark
72%
NE 485,153 Omaha
72%
PA 302,898 Pittsburgh
72%
NC 476,587 Raleigh
72%
NV 273,448 Reno
72%
UT 204,657 Salt Lake City
72%
GA 148,004 Savannah
72%
WA 230,160 Spokane
72%
CA 321,819 Stockton
72%
OK 411,867 Tulsa
72%
VA 455,618 Virginia Beach
72%
KS 396,192 Wichita
72%
OH 188,509 Akron
67%
CA 344,461 Anaheim
67%
AK 287,145 Anchorage
67%
CO 393,537 Aurora
67%
IL 177,866 Aurora
67%
TX 189,382 Brownsville
67%
FL 216,992 Cape Coral
67%
TN 184,086 Chattanooga
67%
CA 122,625 Concord
67%
NC 109,896 Concord
67%
TX 316,239 Corpus Christi
67%
OH 135,944 Dayton
67%
ND 131,444 Fargo
67%
NC 301,115 Greensboro
67%
CT 120,686 Hartford
67%
NV 331,415 Henderson
67%
AL 221,933 Huntsville
67%
TN 195,889 Knoxville
67%
MI 112,537 Lansing
67%
KY 320,347 Lexington
67%
NE 292,627 Lincoln
67%
TX 263,930 Lubbock
67%
WI 272,903 Madison
67%
AZ 512,498 Mesa
67%
VA 229,395 Richmond
67%
CA 114,301 Richmond
67%
SD 202,078 Sioux Falls
67%
MO 170,067 Springfield
67%
MA 154,064 Springfield
67%
IL 113,273 Springfield
67%
MN 303,176 St. Paul
67%
FL 261,256 St. Petersburg
67%
FL 201,731 Tallahassee
67%
TX 102,664 Wichita Falls
67%
NY 100,826 Albany
61%
TX 201,291 Amarillo
61%
AZ 280,711 Chandler
61%
SC 139,698 Columbia
61%
MO 128,555 Columbia
61%
NC 291,928 Durham
61%
OR 177,923 Eugene
61%
WA 111,337 Everett
61%
NC 208,873 Fayetteville
61%
FL 183,146 Fort Lauderdale
61%
IN 267,927 Fort Wayne
61%
CA 223,871 Fremont
61%
FL 145,214 Gainesville
61%
GA 156,197 Macon
61%
TX 144,579 McAllen
61%
TX 134,444 Midland
61%
AL 183,289 Mobile
61%
CA 218,069 Modesto
61%
VA 232,995 Norfolk
61%
NV 280,543 North Las Vegas
61%
AZ 197,866 Peoria
61%
IL 111,021 Peoria
61%
RI 189,563 Providence
61%
NY 209,352 Rochester
61%
MN 121,878 Rochester
61%
AZ 243,050 Scottsdale
61%
OH 266,301 Toledo
61%
NC 120,324 Wilmington
61%
MA 205,319 Worcester
61%
TX 111,551 Allen
56%
MT 119,960 Billings
56%
AL 196,910 Birmingham
56%
IA 136,429 Cedar Rapids
56%
CA 279,170 Chula Vista
56%
TX 124,319 College Station
56%
TX 150,353 Denton
56%
WI 106,095 Green Bay
56%
CA 156,754 Hayward
56%
FL 220,292 Hialeah
56%
TX 254,715 Irving
56%
WA 134,392 Kent
56%
TX 159,172 Killeen
56%
LA 121,389 Lafayette
56%
FL 120,071 Lakeland
56%
TX 256,187 Laredo
56%
NM 113,888 Las Cruces
56%
CA 451,307 Long Beach
56%
NH 115,141 Manchester
56%
AL 196,986 Montgomery
56%
VA 184,306 Newport News
56%
OK 129,627 Norman
56%
TX 112,906 Odessa
56%
CA 200,415 Oxnard
56%
UT 113,523 Provo
56%
CA 320,764 Riverside
56%
OR 177,487 Salem
56%
CA 220,328 San Bernardino
56%
CA 308,189 Santa Ana
56%
CA 126,930 Santa Clara
56%
CA 110,125 Santa Maria
56%
LA 180,153 Shreveport
56%
NY 144,451 Syracuse
56%
TX 143,984 Waco
56%
NC 251,350 Winston-Salem
56%
NY 208,121 Yonkers
56%
TX 127,385 Abilene
50%
VA 155,525 Alexandria
50%
PA 125,094 Allentown
50%
MI 119,875 Ann Arbor
50%
GA 128,561 Athens
50%
OR 103,254 Bend
50%
CT 148,377 Bridgeport
50%
CA 103,920 Burbank
50%
VA 252,488 Chesapeake
50%
CA 101,299 Chico
50%
TN 176,974 Clarksville
50%
CA 177,558 Elk Grove
50%
CA 150,270 Escondido
50%
IN 115,749 Evansville
50%
CO 169,249 Fort Collins
50%
TX 219,587 Frisco
50%
AZ 275,346 Gilbert
50%
AZ 252,136 Glendale
50%
CA 189,221 Glendale
50%
NC 115,067 High Point
50%
FL 152,650 Hollywood
50%
CA 194,310 Huntington Beach
50%
CA 169,185 Lancaster
50%
TX 207,507 McKinney
50%
ID 129,736 Meridian
50%
CT 138,915 New Haven
50%
CA 172,199 Oceanside
50%
CA 179,061 Ontario
50%
KS 197,726 Overland Park
50%
TX 147,662 Pasadena
50%
CA 134,211 Pasadena
50%
FL 169,876 Pembroke Pines
50%
TX 289,547 Plano
50%
CO 111,456 Pueblo
50%
CA 176,336 Rancho Cucamonga
50%
CA 161,020 Salinas
50%
CA 221,345 Santa Clarita
50%
CA 177,181 Santa Rosa
50%
CT 136,188 Stamford
50%
AZ 154,198 Surprise
50%
AZ 185,950 Tempe
50%
CA 141,126 Torrance
50%
FL 120,932 West Palm Beach
50%
TX 112,089 Beaumont
44%
WA 152,767 Bellevue
44%
CA 118,950 Berkeley
44%
CO 105,485 Boulder
44%
OK 117,911 Broken Arrow
44%
MA 118,488 Cambridge
44%
CA 114,160 Carlsbad
44%
NC 180,388 Cary
44%
FL 117,027 Clearwater
44%
CA 159,567 Corona
44%
NJ 134,283 Elizabeth
44%
CA 212,475 Fontana
44%
TX 240,854 Garland
44%
TX 201,843 Grand Prairie
44%
CO 109,209 Greeley
44%
VA 138,037 Hampton
44%
MO 121,202 Independence
44%
IL 150,033 Joliet
44%
CO 156,120 Lakewood
44%
TX 115,418 League City
44%
TX 147,899 Mesquite
44%
FL 137,228 Miramar
44%
CA 211,924 Moreno Valley
44%
TN 162,398 Murfreesboro
44%
ID 110,951 Nampa
44%
IL 149,936 Naperville
44%
SC 118,608 North Charleston
44%
KS 145,616 Olathe
44%
CA 136,178 Orange
44%
CA 163,463 Palmdale
44%
CA 146,017 Pomona
44%
FL 231,790 Port St. Lucie
44%
CA 154,817 Roseville
44%
TX 126,697 Round Rock
44%
CA 109,527 San Buenaventura (Ventura)
44%
IN 103,110 South Bend
44%
NV 109,226 Sparks
44%
WA 107,325 Spokane Valley
44%
UT 102,519 St. George
44%
CA 111,752 Temecula
44%
CA 124,265 Thousand Oaks
44%
TX 109,286 Tyler
44%
WA 194,512 Vancouver
44%
CA 143,966 Visalia
44%
UT 136,650 West Valley City
44%
CA 115,264 Antioch
39%
CO 105,865 Centennial
39%
FL 133,369 Coral Springs
39%
CA 100,007 Daly City
39%
IA 100,486 Davenport
39%
TX 104,294 Edinburg
39%
IL 113,177 Elgin
39%
CA 140,541 Fullerton
39%
CA 169,254 Garden Grove
39%
AZ 105,406 Goodyear
39%
OR 111,621 Gresham
39%
OR 107,299 Hillsboro
39%
CA 313,685 Irvine
39%
MA 113,608 Lowell
39%
FL 110,497 Miami Gardens
39%
TX 126,949 Pearland
39%
MA 101,727 Quincy
39%
NM 108,082 Rio Rancho
39%
IL 146,713 Rockford
39%
CA 124,398 Simi Valley
39%
TX 109,414 Sugar Land
39%
CA 153,091 Sunnyvale
39%
CO 143,282 Thornton
39%
AL 110,602 Tuscaloosa
39%
CA 123,564 Vallejo
39%
CA 137,221 Victorville
39%
MI 137,107 Warren
39%
CT 115,016 Waterbury
39%
UT 116,664 West Jordan
39%
CO 121,581 Arvada
33%
MA 104,826 Brockton
33%
CA 124,556 Clovis
33%
CA 104,414 El Cajon
33%
CA 119,338 Fairfield
33%
CA 103,621 Inglewood
33%
TX 131,215 Lewisville
33%
MA 100,891 Lynn
33%
MA 100,682 New Bedford
33%
NJ 156,661 Paterson
33%
FL 112,302 Pompano Beach
33%
WA 104,047 Renton
33%
GA 107,763 Sandy Springs
33%
CA 100,984 San Mateo
33%
MI 132,567 Sterling Heights
33%
CA 101,918 Vacaville
33%
CO 114,533 Westminster
33%
AZ 105,567 Buckeye
28%
IN 101,964 Carmel
28%
TX 133,820 Carrollton
28%
CA 109,521 Costa Mesa
28%
FL 106,513 Davie
28%
MI 107,710 Dearborn
28%
CA 109,934 Downey
28%
CA 107,609 Jurupa Valley
28%
CA 109,399 Menifee
28%
CA 113,783 Murrieta
28%
FL 129,234 Palm Bay
28%
TX 118,802 Richardson
28%
GA 111,158 South Fulton
28%
CA 105,013 West Covina
28%
TX 101,405 Conroe
22%
MO 103,465 Lee's Summit
22%
TX 104,707 New Braunfels
22%
CA 103,545 Rialto
22%
CA 105,312 El Monte
17%
IN 101,966 Fishers
17%
CA 100,744 Hesperia
17%
No matching quizzes found
Score Distribution
Percent of People with Each Score
Percentile by Number Answered
Your Score History
You have not taken this quiz since the last reset